000 00689nam a2200217Ii 4500
003 JO-AjNU
008 230605s9999||||xx |||||||||||||| ||und||
017 _a2001/6/1262
040 _aJO-AjNU
_bara
_erda
_cJO-AjNU
041 _aara
050 1 4 _aPJ7850.U616.Q25 2001
100 3 _aتأليف الموسى، عصام سليمان,
_eauthor
_949310
245 0 0 _aالقفز في العينين: مجموعة قصص قصيرة
250 _aط1
264 3 1 _aعمان:أمانة عمان،2001
300 _a96ص
336 _atext
_btxt
_2rdacontent
337 _aunmediated
_bn
_2rdamedia
338 _avolume
_bnc
_2rdacarrier
650 4 _aالأدب العربي - قصص
_949311
999 _aA21650
_c25218
_d25218